The keeping of dogs (Record no. 63387)

MARC details
000 -LEADER
fixed length control field 00847cam a2200241 4500
001 - CONTROL NUMBER
control field ABS62236
008 - FIXED-LENGTH DATA ELEMENTS--GENERAL INFORMATION
fixed length control field 000000n2000 000 0 eng u
035 ## - SYSTEM CONTROL NUMBER
System control number (Sirsi) u105847
100 ## - MAIN ENTRY--PERSONAL NAME
Personal name Wilkinson, H. W.
245 #4 - TITLE STATEMENT
Title The keeping of dogs
260 ## - PUBLICATION, DISTRIBUTION, ETC.
Date of publication, distribution, etc. 2000
490 ## - SERIES STATEMENT
Series statement New Law Journal
Volume/sequential designation 150(6933) 28 April 2000, 606-607(2)
520 ## - SUMMARY, ETC.
Summary, etc. Discusses case law relating to the keeping of dogs in residential areas and whether planning permission is required. Notes that there are no general guidelines regarding the number of dogs.
590 ## - LOCAL NOTE (RLIN)
Local note ABS
650 ## - SUBJECT ADDED ENTRY--TOPICAL TERM
Topical term or geographic name entry element PLANNING PERMISSION
650 ## - SUBJECT ADDED ENTRY--TOPICAL TERM
Topical term or geographic name entry element DOGS
650 ## - SUBJECT ADDED ENTRY--TOPICAL TERM
Topical term or geographic name entry element QUIET ENJOYMENT
650 ## - SUBJECT ADDED ENTRY--TOPICAL TERM
Topical term or geographic name entry element DENBIGHSHIRE CC V EDWARDS
650 ## - SUBJECT ADDED ENTRY--TOPICAL TERM
Topical term or geographic name entry element WALLINGTON V SOS WALES
650 ## - SUBJECT ADDED ENTRY--TOPICAL TERM
Topical term or geographic name entry element TORRIDGE DC V IRVING
690 ## - LOCAL SUBJECT ADDED ENTRY--TOPICAL TERM (OCLC, RLIN)
Topical term or geographic name as entry element ENVIRONMENTAL AND LAND CONSULTANCY-PLANNING AND DEVELOPMENT
942 ## - ADDED ENTRY ELEMENTS (KOHA)
Suppress in OPAC 0
Holdings
Withdrawn status Lost status Source of classification or shelving scheme Damaged status Not for loan Home library Current library Shelving location Date acquired Total Checkouts Full call number Barcode Date last seen Copy number Price effective from Koha item type
    Dewey Decimal Classification     London London Journal article 08/05/2000   ABS62236 105847-1001 06/08/2019 1 06/08/2019 Journal article